| 000 | 00597cam a22002171 4500 | ||
|---|---|---|---|
| 001 | sa 67007884 | ||
| 003 | DLC | ||
| 005 | 20260227112419.0 | ||
| 008 | 910410s1938 ii 000 0 eng | ||
| 010 | _asa 67007884 | ||
| 035 | _a(OCoLC)27793846 | ||
| 040 |
_aDLC _cNAlU _dDLC |
||
| 042 | _apremarc | ||
| 043 | _aa-cc--- | ||
| 050 | 0 | 0 |
_aDS777.47 _b.R58 |
| 100 | 1 |
_aRoy, M. N. _q(Manabendra Nath), _d1887-1954. |
|
| 245 | 1 | 0 | _aMy experiences in China, |
| 260 |
_aBombay, _bRenaissance Pub. Co., _c1938. |
||
| 300 |
_axvi, 97 p. _c19 cm. |
||
| 651 | 0 |
_aChina _xPolitics and government _y1912-1949. |
|
| 999 |
_c76833 _d76833 |
||